LEADER 01074nam2 22003013i 450 001 USM1645541 005 20251003044435.0 010 $a887051286X 010 $a9788870512861 100 $a20100330d2007 ||||0itac50 ba 101 | $aita 102 $ait 181 1$6z01$ai $bxxxe 182 1$6z01$an 183 1$6z01$anc$2RDAcarrier 200 0 $a2$fGiuseppe Anastasi ... [et al.] 210 $a4. ed 215 $aMilano$cEdi.Ermes, [2007!. - XIV, 543 p. : ill.$d31 cm 461 1$1001USM1634145$12001 $aTrattato di anatomia umana$fGiuseppe Anastasi ... [et al.]$v2 606 $aAnatomia umana$2FIR$3PUVC038245$9I 676 $a611$9ANATOMIA, CITOLOGIA, ISTOLOGIA UMANA$v14 801 3$aIT$bIT-000000$c20100330 850 $aIT-BN0095 912 $aUSM1645541 950 2$aBiblioteca Centralizzata di Ateneo$cv. 1-3$d 01TRA 54 TRADAU$e 0104 9000005585 VMA (0002 4. ed. v. 2 (Precedente collocazione: SALA 611 ANA tr(2 /2)$fB $h20120926$i20120926 977 $a 01 996 $a2$961340 997 $aUNISANNIO